| 000 | 00390nam a2200121Ia 4500 | ||
|---|---|---|---|
| 008 | 200909s9999 xx 000 0 und d | ||
| 020 | _a978-621-04-0100-4 | ||
| 100 | _aLauron, Doris P. | ||
| 245 |
_cDoris P. Lauron _aHuman resource management: _bprinciples and practices/ |
||
| 260 |
_aQuezon City: _bREX Bookstore _c2019 |
||
| 300 |
_axiv, 135 pages _c25 cm. |
||
| 650 | _aPersonnel management | ||
| 999 |
_c364158 _d364158 |
||